[Event "Krakow Malopolski Cup"]
[Site "Krakow"]
[Date "2022.08.05"]
[Round "3"]
[White "Nowakowski, Maksymilian"]
[Black "Zieba, Hubert"]
[Result "1/2-1/2"]
[WhiteElo "1409"]
[BlackElo "1469"]
[PlyCount "70"]
[EventDate "2022.08.04"]
[EventType "swiss"]
[EventRounds "9"]
[EventCountry "POL"]
[SourceTitle "CBM 209 Extra"]
[Source "ChessBase"]
[SourceDate "2022.09.30"]
[SourceVersion "1"]
[SourceVersionDate "2022.09.30"]
[SourceQuality "1"]

1. d4 Nf6 2. c4 g6 3. Nf3 Bg7 4. g3 0-0 5. Bg2 c5 6. e3 cxd4 7. exd4 d5 8. Nbd2 Nc6 9. 0-0 Be6 10. b3 dxc4 11. Nxc4 Nd5 12. Bb2 Nb6 13. Nce5 Bd5 14. Re1 Rc8 15. Nxc6 Rxc6 16. Rc1 e6 17. Ne5 Bxg2 18. Kxg2 Rxc1 19. Qxc1 Bxe5 20. dxe5 Qd5+ 21. Kg1 Rc8 22. Qd1 Qxd1 23. Rxd1 Nd5 24. Rd2 b5 25. a3 a5 26. Bd4 a4 27. bxa4 bxa4 28. f4 Kf8 29. Kf2 Ke7 30. Ke2 Nc3+ 31. Bxc3 Rxc3 32. Rd3 Rc2+ 33. Rd2 Rc4 34. Ke3 Rc3+ 35. Rd3 Rc4 1/2-1/2

[Event "POL-ch U12"]
[Site "Uniejow"]
[Date "2021.07.23"]
[Round "7"]
[White "Niezbecki, Marek1111"]
[Black "Nowakowski, Maksymilian"]
[Result "1/2-1/2"]
[WhiteElo "1436"]
[BlackElo "1359"]
[PlyCount "109"]
[EventDate "2021.07.18"]
[EventType "swiss"]
[EventRounds "9"]
[EventCountry "POL"]
[SourceTitle "EXT 2022"]
[Source "ChessBase"]
[SourceDate "2021.10.06"]
[SourceVersion "1"]
[SourceVersionDate "2021.10.06"]
[SourceQuality "1"]

1. e4 e6 2. d4 d5 3. e5 c5 4. c3 Nc6 5. Nf3 cxd4 6. cxd4 Bb4+ 7. Bd2 Qb6 8. Bxb4 Qxb4+ 9. Qd2 Nge7 10. Bd3 b6 11. a3 Qxd2+ 12. Nbxd2 0-0 13. b4 a6 14. Nb3 Bb7 15. Kd2 Ng6 16. g3 f6 17. Bxg6 hxg6 18. Ke2 fxe5 19. Nxe5 Nxe5 20. dxe5 d4 21. Rhe1 d3+ 22. Kf1 Bf3 23. Re3 Rad8 24. Ke1 Be2 25. Rc1 a5 26. a4 b5 27. axb5 a4 28. Nd2 Rc8 29. Rc6 Rfd8 30. f4 a3 31. Rxe2 dxe2 32. Nb3 Rb8 33. Ra6 Rxb5 34. Rxa3 Rxb4 35. Kxe2 g5 36. Nc5 gxf4 37. gxf4 Re8 38. Kf3 Rb5 39. Ne4 Rf8 40. Ra4 Rxe5 41. Ng3 g5 42. Nh5 Ref5 43. Kg4 gxf4 44. Nxf4 R5f6 45. Re4 e5 46. Nh3 Rg6+ 47. Ng5 Rf2 48. h4 Rf4+ 49. Rxf4 exf4 50. Kxf4 Ra6 51. Kf5 Kg7 52. Ne6+ Kh6 53. Nf4 Ra5+ 54. Kf6 Ra4 55. Kf5 1/2-1/2